01165nam a2200193Ia 4500001001300000003001000013005001700023008004100040040002500081041000700106100002000113245007600133260003100209300001200240500006600252520062100318650002100939654001100960b5791-39072 IT-MiCISF20240408140325.0161014s9999||||xx |||||||||||||| ||und|| aIT-MiCISFcIT-MiCISF ait aPetrà Basilio 0aPreti sposati per volontà di Dio?bSaggio su una Chiesa a due polmoni aBologna,bDehoniane,c2004 app. 243 amatrimonio-sacramento, operatori-pastorali, celibato, chiesa  aIl volume è un saggio sulla fondazione teologica del celibato sacerdotale, ed esamina la riflessione elaborata dal magistero ecclesiale dal Concilio Vaticano II ai documenti più recenti. Analizzando il significato dell'espressione "Chiesa a due polmoni", propria di Giovanni Paolo II, fa vedere come questa espressione ponga la questione della cattolicità del Magistero, che deve essere formalmente e adeguatamente affrontata per evitare difficili compatibilità, specificamente nel caso del clero celibatario e di quello uxorato, tipico delle Chiese orientali e considerato un'eccezione nella Chiesa latina.  a Matrimonioe012 asaggio